Digitalizing sustainability : the five forces of digital transformation /

Bibliographic Details
Main Author: Sforcina, Kathryn, (Author)
Format: eBook
Language:English
Published: Abingdon, England : Routledge, [2023]
Subjects:
Online Access:Click to View
LEADER 01654nam a2200385 i 4500
001 EBC7209538
003 MiAaPQ
005 20230524165428.0
006 m o d |
007 cr cnu||||||||
008 230524s2023 enka ob 001 0 eng d
020 |z 9781032034829  |q (print) 
020 |a 9781000866407  |q (electronic bk.) 
035 |a (MiAaPQ)EBC7209538 
035 |a (Au-PeEL)EBL7209538 
035 |a (OCoLC)1372396505 
040 |a MiAaPQ  |b eng  |e rda  |e pn  |c MiAaPQ  |d MiAaPQ 
050 4 |a QC981.8.C5  |b .S467 2023 
082 0 |a 551.6  |2 23 
100 1 |a Sforcina, Kathryn,  |e author. 
245 1 0 |a Digitalizing sustainability :  |b the five forces of digital transformation /  |c Kathryn Sforcina. 
264 1 |a Abingdon, England :  |b Routledge,  |c [2023] 
264 4 |c Ã2023 
300 |a 1 online resource (148 pages) :  |b illustrations 
336 |a text  |b txt  |2 rdacontent 
337 |a computer  |b c  |2 rdamedia 
338 |a online resource  |b cr  |2 rdacarrier 
504 |a Includes bibliographical references and index. 
588 |a Description based on print version record. 
590 |a Electronic reproduction. Ann Arbor, MI : ProQuest, 2018. Available via World Wide Web. Access may be limited to ProQuest affiliated libraries. 
650 0 |a Climatic changes  |x Economic aspects. 
655 4 |a Electronic books. 
776 0 8 |i Print version:  |a Sforcina, Kathryn.  |t Digitalizing sustainability : the five forces of digital transformation.  |d Abingdon, England : Routledge, c2023   |h 148 pages   |z 9781032034829   |w (DLC) 2022051101 
797 2 |a ProQuest (Firm) 
856 4 0 |u https://ebookcentral.proquest.com/lib/matrademy/detail.action?docID=7209538  |z Click to View